Vowel-Swapped Asia Quiz Stats

 Plays Quiz Updated Aug 9, 2018

Score 0/15 Timer 04:00
0 Plays Today
% Correct
EREQ
87.2%
LOAS
86.8%
SRY LINKA
83.9%
QUTAR
83%
KAWIAT
82.3%
BINGLEDASH
79.1%
SAETH KARIA
78.7%
IFGHINISTEN
78.1%
% Correct
KERGAZSTON
75.4%
GIORGEE
73.4%
TIAWEN
72.7%
IZBAKOSTEN
72.2%
TORKMONISTAN
71.8%
POLOSTENA
71.5%
MULDEVIS
69.6%

You're not logged in!

Compare scores with friends on all Sporcle quizzes.
OR
Log In

Sporcle TV

Today on Sporcle TV


Watch our educational content, quiz creation guides, and fun videos on Sporcle TV.

Show Comments

Extras

Top Quizzes Today


Score Distribution

Your Account Isn't Verified!

In order to create a playlist on Sporcle, you need to verify the email address you used during registration. Go to your Sporcle Settings to finish the process.

Report this User

Report this user for behavior that violates our Community Guidelines.

Details: